000 00663nam a22002177a 4500
003 UA-OsUOA
001 97649
007 ta
008 20130403b un ||||| |||| 00| 0 ukr d
100 _aІващенко В.Л.
090 _a81
_bИ99
942 _cSA
040 _aUA-OsUOA
_bukr
_cUA-OsUOA
_dUA-OsUOA
245 _aФреймове і комунікативне термінознавство з зарубіжній лінгвістиці
300 _aС.51-59
955 _a0
041 _aukr
080 _a81
773 0 _w97642
650 7 _a8 Мовознавство. Художня література. Літературознавство
_2UDC
999 _c383902
_d383902